Open Data Biblioteca Nacional de Portugal


República Portuguesa: Ministério da Cultura
Biblioteca Nacional de Portugal

Catálogo da BNP: acesso por Identificadores Unívocos
Registos Bibliográficos associados ao registo de autoridade

Etiqueta de registo: 00230nas 2200025 450
001 2000635
003 http://id.bnportugal.gov.pt/bib/catbnp/2000635
021 ## $aPT$b419111/16
100 ## $a20180914b20162021m y0pory01030103ba
101 0# $apor
102 ## $aPT
106 ## $ar
110 ## $aakazz 0uu0
200 1# $aPalavras com espaço e com memória$fEspaço e Memória - Associação Cultural de Oeiras
207 #0 $a2016 - 2021
210 #9 $aLisboa$cApenas Livros$d2016-2021
215 ## $d21 cm
225 2# $aLiteratralhas NOBELbelizáveis$v129, 133
326 ## $aAnual
440 #1 $10012265336$tPalavras e objectos com espaço e com memória
620 ## $dLisboa
675 ## $a821.134.3"20"(051)$vBN$zpor$31995975
712 02 $aEspaço e Memória - Associação Cultural de Oeiras$4650$31680623
801 #0 $aPT$bBN$gRPC
856 41 $uhttp://rnod.bnportugal.gov.pt/ImagesBN/winlibimg.aspx?skey=&doc=2000635&img=115071&save=true
900 ## $aBIBNAC$d20260417
966 ## $lBN$mFGREV$sP.P. 34319 V.$x1
971 ## $cssilva$d20260323
972 ## $e0$z0$d20260417$vlrevez
973 ## $cmlsousa$d20260416

OpendataBNP@bnportugal.pt | Mais informação sobre acesso aos dados BNP